000 00803nam a2200265 u 4500
001 94235
005 20260506081748.0
008 960527s1995 spa
020 _a848191021X
035 _a94235
035 _a(OCoLC)431355753
040 _ccomduadb
041 _aspa
082 4 _a194
100 1 0 _aDeleuze, Gilles,
_d1925-1995
_4aut
_0(isni)0000 0001 2277 323X
_0(viaf)22140703
_eaut
_9504264
245 1 0 _aConversaciones,1972-1990
260 _aBarcelona :
_bPre-Textos,
_c1995.
300 _a290 páginas
500 _aCompra:Lib.Continental,feb./96.
650 0 _aCine
_943537
650 7 _aComplejo de Edipo
_2lemb
_91004
650 7 _aFilosofía francesa
_2lemb
_9551
650 _aFoucault, Michel, 1926-1984 - Pensamiento político y social
_941566
942 _cBOOK
999 _c93205
_d93205